|
|
|
|
| LEADER |
00000nam2a2200000 4500 |
| 001 |
311132 |
| 005 |
20231102002345.0 |
| 010 |
|
|
|a 9783659529016
|
| 035 |
|
|
|a (RuTPU)RU\TPU\book\336487
|
| 090 |
|
|
|a 311132
|
| 100 |
|
|
|a 20151203d2014 k y0rusy50 ca
|
| 101 |
0 |
|
|a rus
|
| 102 |
|
|
|a DE
|
| 105 |
|
|
|a a z 001zy
|
| 200 |
0 |
|
|a Ч. 2 : Электрические машины
|
| 210 |
|
|
|d 2014
|
| 215 |
|
|
|a 559 с.
|c ил.
|
| 320 |
|
|
|a Библиогр.: с. 550.
|
| 330 |
|
|
|a Монография является второй частью двухтомника «Основы электротехники и электрических машин» под названием «Электрические машины», содержит 22 главы и охватывает разделы генераторы и двигатели постоянного тока, машины и двигатели переменного тока, трансформаторы, выпрямители, способы управления электрическими машинами и электроприводами. При написании монографии особенное внимание было обращено на методику ее составления, которая дала бы возможность прорабатывать книгу самостоятельно без помощи руководителя. Поэтому для лучшего усвоения курса почти все главы сопровождаются примерами с подробными решениями. Кроме того, в конце каждой главы помещены вопросы для повторения, которые также могут помочь читателю разобраться в пройденном материале и проверить свои знания. Двухтомник может быть учебным пособием не только для учащихся ВУЗов и техникумов (колледжей), но и для широкого круга работников промышленности, желающих углубить и расширить свои знания по электротехнике, электрическим машинам и элементам и устройствам автоматики приобретенные на практике, тем самым повысить свою квалификацию.
|
| 461 |
|
1 |
|0 (RuTPU)RU\TPU\book\274110
|t Электротехника и электрические машины
|o [монография]
|o в 2 т.
|f Д. В. Колбасинский
|v Ч. 2 : Электрические машины
|d 2014
|
| 606 |
1 |
|
|a Электротехника общая
|2 stltpush
|3 (RuTPU)RU\TPU\subj\20906
|9 45967
|
| 606 |
1 |
|
|a Электрические машины
|2 stltpush
|3 (RuTPU)RU\TPU\subj\27074
|9 50877
|
| 610 |
1 |
|
|a динамомашины
|
| 610 |
1 |
|
|a возбуждение
|
| 610 |
1 |
|
|a устройство
|
| 610 |
1 |
|
|a мощность
|
| 610 |
1 |
|
|a параллельное соединение
|
| 610 |
1 |
|
|a электродвигатели
|
| 610 |
1 |
|
|a свойства
|
| 610 |
1 |
|
|a пусковые реостаты
|
| 610 |
1 |
|
|a управление
|
| 610 |
1 |
|
|a обслуживание
|
| 610 |
1 |
|
|a синхронные двигатели
|
| 610 |
1 |
|
|a асинхронные двигатели
|
| 610 |
1 |
|
|a пусковые приспособления
|
| 610 |
1 |
|
|a скорость
|
| 610 |
1 |
|
|a регулирование
|
| 610 |
1 |
|
|a коллекторные двигатели
|
| 610 |
1 |
|
|a повреждения
|
| 610 |
1 |
|
|a трансформаторы
|
| 610 |
1 |
|
|a преобразователи
|
| 610 |
1 |
|
|a выпрямители
|
| 610 |
1 |
|
|a заводская практика
|
| 610 |
1 |
|
|a генераторы
|
| 610 |
1 |
|
|a монографии
|
| 675 |
|
|
|a 621.3
|v 4
|
| 675 |
|
|
|a 621.313
|v 4
|
| 801 |
|
1 |
|a RU
|b 63413507
|c 20151203
|
| 801 |
|
2 |
|a RU
|b 63413507
|c 20160418
|g RCR
|
| 900 |
|
|
|a Электрические машины
|
| 942 |
|
|
|c BK
|
| 959 |
|
|
|a 151/20151201
|d 1
|e 0
|f ЧЗТЛ:1
|